000 01343nam a2200337 a 4500
001 000111564
003 CHAP
005 20220329144218.0
008 150616s2015 mx a |sm |||||||spa d
010 _a108026
011 _a108998
040 _cCHAP
090 _aTesis
100 1 _aGuevara Arvizu, Rosa María
_9129442
245 1 0 _aPropuesta de establecimiento de una unidad de manejo de vida silvestre para pecarí de collar (Tayasuu tajacu, Linnaeus, 1758) en la cañada, Puerto de Palmas, Victoria, Guanajuato
_h[En línea]
_cpor Rosa María Guevara Arvizu.
260 _aChapingo, Méx. :
_bEl autor,
_c2015.
500 _aPara ver el contenido del material haga clic en la liga
502 _aTesis (Ing. en Restauración Forestal) -- UACH. División de Ciencias Forestales
590 _aBATCH-UPD
_b05
_c20150616
_lUCH01
_h1414
590 _aE11695DGD
_b10
_c20150618
_lUCH01
_h0924
590 _aE5652GLJ
_b05
_c20150616
_lUCH01
_h1250
590 _aE5652GLJ
_b05
_c20150616
_lUCH01
_h1250
590 _aE5652GLJ
_b05
_c20150616
_lUCH01
_h1413
650 1 4 _aPecarí
_xCautiverio.
_9129458
650 1 4 _aPecarí
_xProducción.
_9129459
650 1 4 _aVida silvestre
_xConservación
_zGuanajuato.
_9129379
856 _aFinding aid
_uhttp://10.13.5.2/tesis/sist111564.pdf
_zTeclea aquí
901 _aBK
942 _cTESIS
942 _n0
999 _c108026
_d108026